Die Völkerrechtliche Haftung
Elmentve itt :
| Szerző: | |
|---|---|
| Dokumentumtípus: | Cikk |
| Megjelent: |
1937
|
| Sorozat: | Kolligátum
|
| Kulcsszavak: | Nemzetközi jog - államok felelőssége |
| Online Access: | http://misc.bibl.u-szeged.hu/23220 |
| LEADER | 00545nab a2200169 i 4500 | ||
|---|---|---|---|
| 001 | misc23220 | ||
| 005 | 20191111110447.0 | ||
| 008 | 170823s1937 hu o 0|| zxx d | ||
| 040 | |a SZTE Miscellanea Repozitórium |b hun | ||
| 041 | |a zxx | ||
| 100 | 1 | |a Arató István | |
| 245 | 1 | 4 | |a Die Völkerrechtliche Haftung |h [elektronikus dokumentum] / |c Arató István |
| 260 | |c 1937 | ||
| 300 | |a 1-59 | ||
| 490 | 0 | |a Kolligátum | |
| 695 | |a Nemzetközi jog - államok felelőssége | ||
| 856 | 4 | 0 | |u http://misc.bibl.u-szeged.hu/23220/1/87519_001-059.pdf |z Dokumentum-elérés |